| 000 | 00939nam a22003137a 4500 | ||
|---|---|---|---|
| 003 | CHAP | ||
| 005 | 20220329133627.0 | ||
| 008 | 971013s1985 r 00010 d | ||
| 010 | _a8763 | ||
| 011 | _a9735 | ||
| 035 | _a8970 | ||
| 040 | _cCHAP | ||
| 090 | _aFolleto 7314 v.48 | ||
| 110 |
_aInternational Board for Plant Genetic Resources _959561 |
||
| 245 | _aDescriptors for potato varieties | ||
| 260 |
_aRome : _bIBPGR, _c1985 |
||
| 300 | _a27 p. | ||
| 590 |
_aBATCH-UPD _b10 _c20130110 _lUCH01 _h1545 |
||
| 590 |
_aBATCH-UPD _b10 _c20130410 _lUCH01 _h0945 |
||
| 590 |
_aBATCH-UPD _b10 _c20130914 _lUCH01 _h1737 |
||
| 590 |
_aCONVERSION _b10 _c20130109 _lUCH01 _h1306 |
||
| 650 | 1 | 4 |
_aPapa _xGenética. _985240 |
| 650 | 1 | 4 |
_aPapa _xGermoplasma. _985242 |
| 650 | 1 | 4 |
_aRecursos genéticos. _995078 |
| 700 | 0 |
_aMackay, G. R. _eed. _969437 |
|
| 901 | _aBK | ||
| 942 | _cFOLL | ||
| 949 |
_aFolleto 7314 v.48 _bBC _cFOLL _d-19420 _eTS1 _i8970 _mD _si |
||
| 999 |
_c8763 _d8763 |
||